Life in ancient India in the age of the mantras (Record no. 394873)

MARC details
000 -LEADER
fixed length control field 00479 a2200181 4500
005 - DATE & TIME
control field 20260428141336.0
008 - FIXED-LENGTH DATA ELEMENTS--GENERAL INFORMATION
fixed length control field 260428b |||||||| |||| 00| 0 eng d
020 ## - ISBN
International Standard Book Number 9789360801267
Price Rs. 595.00
040 ## - CATALOGING SOURCE
Original cataloging agency VIVEKANANDA LIBRARY
082 ## - DDC NUMBER
Classification number 954.01
Book Number I9L
100 ## - MAIN ENTRY--PERSONAL NAME
Personal name Iyengar, P T Srinivas
245 ## - TITLE STATEMENT
Title Life in ancient India in the age of the mantras
260 ## - PUBLICATION, DISTRIBUTION, ETC. (IMPRINT)
Name of publisher, distributor, etc Manohar Publishers
Date of publication, distribution, etc 2026
Place of publication, distribution, etc New Delhi
300 ## - PHYSICAL DESCRIPTION
Pages x,138
650 ## - Subject
Subject History
650 ## - Subject
Subject Ancient India
942 ## - ADDED ENTRY ELEMENTS (KOHA)
Koha item type Books
Holdings
Withdrawn status Lost status Source of classification or shelving scheme Damaged status Not for loan Location (home branch) Sublocation or collection (holding branch) Shelving location Date acquired Koha issues (times borrowed) Koha full call number Accession No. Koha date last seen Koha item type
    Dewey Decimal Classification     VIVEKANANDA LIBRARY VIVEKANANDA LIBRARY Vivekananda Library 05/02/2026   954.01 I9L 438198 05/02/2026 Books
© Designed and Maintained by Vivekananda Library, MDU Rohtak